Catalog

Record Details

Catalog Search



In another life  Cover Image Book Book

In another life / C. C. Hunter.

Hunter, C. C., (author.).

Summary:

When she became Chloe Holden at three years old, her adoption didn't scar her. Now, fourteen years later, her parents' marriage has fallen apart and her mom has moved them to Joyful, Texas. Everything Chloe loved about her life is gone.-- and she's haunted by feelings of déjà vu. Cash Colton seeks Chloe out because she looks exactly like the daughter his foster parents lost years ago, and he's determined to figure out the truth. As they delve deeper into her adoption, it becomes apparent Chloe's adoption is a secret that people would kill for. -- adapted from jacket

Record details

  • ISBN: 9781250312273
  • ISBN: 1250312272
  • Physical Description: 336 pages ; 22 cm
  • Edition: First edition.
  • Publisher: New York : Wednesday Books, 2019.
Subject: Adoption > Fiction.
Secrecy > Fiction.
Foster home care > Fiction.
Kidnapping > Fiction.
Divorce > Fiction.
Children of divorced parents > Fiction.
Young adult fiction.

Available copies

  • 1 of 1 copy available at scottsboropl.

Holds

  • 0 current holds with 1 total copy.
Show Only Available Copies
Location Call Number / Copy Notes Barcode Shelving Location Status Due Date
scottsboropl YA Hun 32269001123697 Young Adult - Fiction Available -

LDR 01813cam a22003858i 4500
001151763
003CONS
00520190722062205.0
008181019s2019 nyu d 000 1 eng
010 . ‡a 2018044545
020 . ‡a9781250312273 ‡q(hardcover)
020 . ‡a1250312272 ‡q(hardcover)
035 . ‡a(CPomAG)LMN613250
042 . ‡apcc ‡alcac
05000. ‡aPZ7.H916565 ‡bIn 20219
08200. ‡a[Fic] ‡223
1001 . ‡aHunter, C. C., ‡eauthor.
24510. ‡aIn another life / ‡cC. C. Hunter.
250 . ‡aFirst edition.
264 1. ‡aNew York : ‡bWednesday Books, ‡c2019.
300 . ‡a336 pages ; ‡c22 cm
336 . ‡atext ‡btxt ‡2rdacontent
337 . ‡aunmediated ‡bn ‡2rdamedia
338 . ‡avolume ‡bnc ‡2rdacarrier
520 . ‡aWhen she became Chloe Holden at three years old, her adoption didn't scar her. Now, fourteen years later, her parents' marriage has fallen apart and her mom has moved them to Joyful, Texas. Everything Chloe loved about her life is gone.-- and she's haunted by feelings of déjà vu. Cash Colton seeks Chloe out because she looks exactly like the daughter his foster parents lost years ago, and he's determined to figure out the truth. As they delve deeper into her adoption, it becomes apparent Chloe's adoption is a secret that people would kill for. -- ‡cadapted from jacket
650 0. ‡aAdoption ‡vFiction.
650 0. ‡aSecrecy ‡vFiction.
650 0. ‡aFoster home care ‡vFiction.
650 0. ‡aKidnapping ‡vFiction.
650 0. ‡aDivorce ‡vFiction.
650 0. ‡aChildren of divorced parents ‡vFiction.
650 0. ‡aYoung adult fiction.
914 . ‡aSCP_LP
959 . ‡i32269001123697 ‡lYA Hun ‡aYoung Adult - Fiction ‡tYA Fiction ‡g25.00
852 . ‡p32269001123697 ‡jYA Hun ‡gYoung Adult - Fiction ‡cYA Fiction ‡y25.00 ‡bSBPL
901 . ‡a151763 ‡bUnknown ‡c151763 ‡tbiblio

Additional Resources